LEADER 00473naa a2200145 i 4500 001 000000299589 003 CaOOAMICUS 005 20180831172647.0 008 180831n xx u000 u und u 013 $a7239 040 $aSeMil$bita 100 1 $aLeahy, Brendan <1960- >.$0(OLS)http://semarc/name/28376 245 14$aLa "Via Mariae" della fede. 650 4$aMariologia - Studi.$0(OLS)http://semarc/subject/1438 996 $6245$aLa "Via Mariae" della fede$9(OLS)http://semarc/title/375618 LEADER 01191nam a2200277 i 4500 001 000000063987 003 CaOOAMICUS 005 20250923162248.0 008 040907s1998 it u000 u ita u 020 $a88-86495-41-2 040 $aSeMil$bita 100 1 $aBurckhardt, Titus,$d<1908-1984>.$0(OLS)http://semarc/name/25939 240 10$aChartres und die Geburt des Kathedrale.$0(OLS)http://semarc/title/101171 245 13$aLa nascita della cattedrale :$bChartres /$cTitus Burckhardt. 264 1$aRoma :$bArkeios,$c1998. 300 $a178 p., [16] p. di tav. :$bill. ;$c24 cm. 490 1 $aLa via dei simboli 650 4$aChartres - Chiese - Cattedrale Notre-Dame.$0(OLS)http://semarc/subject/48660 830 3$aLa via dei simboli .$0(OLS)http://semarc/title/450 850 $aSeMil 852 $aSeMil$W1$xVenegono$y1$m3UA D 9$j262102$B30140$CSeMilBibl$Z2$F30143 $81 961 $aAcquisto: Città Nuova 996 $6020$a88-86495-41-2$9(OLS)http://semarc/number/40813 996 $6245$aLa nascita della cattedrale :$bChartres$9(OLS)http://semarc/title/101170 996 $6264$aRoma :$bArkeios$9(OLS)http://semarc/publisher/29795 LEADER 01042nam a2200253 i 4500 001 000000082751 003 CaOOAMICUS 005 20180308000000.0 008 180308s1984 it u000 u ita u 013 $a54991 020 $a88-7610-160-8 040 $aSeMil$bita 100 1 $aMadre, Philippe <1950->.$0(OLS)http://semarc/name/39099 240 10$aMystère d'amour et ministère de guèrison.$0(OLS)http://semarc/title/405226 245 10$aMistero d'amore e ministero di guarigione /$cDr Philippe Madre. 260 $aMilano :$bÀncora,$c1984. 300 $a188 p. ;$c21 cm. 650 4$aGuarigione - Aspetti religiosi.$0(OLS)http://semarc/subject/15993 850 $aSeMil 852 $aSeMil$W1$xVenegono$y1$m3E III 351$j47568$B47568$CSeMilBibl$Z2$F50350 $81 961 $aRecupero: Seminario di Seveso 996 $6020$a88-7610-160-8$9(OLS)http://semarc/number/63577 996 $6245$aMistero d'amore e ministero di guarigione$9(OLS)http://semarc/title/405225 996 $6260$aMilano :$bÀncora$9(OLS)http://semarc/publisher/29763